000 00644nam a2200193Ia 4500
008 151119s9999||||xx |||||||||||||| ||und||
082 _a927.992
082 _bGKKV21342
100 _aगाल्डस्बरी सी इ
245 _aटायगर स्लेअर बाय आर्डर
260 _a--
260 _b--
260 _c0
600 _aगाल्डस्बरी सी इ
630 _aटायगर स्लेअर बाय आर्डर
700 _aगाल्डस्बरी सी इ
730 _aटायगर स्लेअर बाय आर्डर
942 _cBOOK
999 _c1074170
_d1074167